| 000 | 00714nam a22002417a 4500 | ||
|---|---|---|---|
| 005 | 20240305165403.0 | ||
| 007 | cr|||| |||| | ||
| 008 | 130215e2007 it |||||s|||| 00| 0 ita d | ||
| 020 | _a8884226074 | ||
| 035 | _a6800 | ||
| 040 | _avLex | ||
| 090 |
_c3648 _d3648 |
||
| 100 | 1 | 0 | _aMorselli, Alessandro |
| 245 | 1 | 0 |
_aStoria dellUnione Monetaria Europea _h[Recurso electrónico] |
| 256 | _aServicio en línea | ||
| 260 |
_aBari : _bCacucci Editore, _c2007 |
||
| 300 | _a1 Recurso electrónico | ||
| 650 | 0 | 4 | _aDerecho comunitario |
| 650 | 0 | 4 | _aUnión Monetaria Europea |
| 740 | _avLex Libros (Servicio en línea) | ||
| 856 |
_aAcceso restringido _uhttp://www.vlex.com/source/6800 |
||
| 942 | _cRAA | ||
| 999 |
_c162032 _d162032 |
||